000 00633nam a2200229Ia 4500
003 OSt
005 20221006164822.0
006 a|||||r|||| 00| 0
007 ta
008 221006b |||||||| |||| 00| 0 eng d
024 _a1,797
037 _cAnnuals, Advances
040 _aFML
_cFML
_beng
041 _2eng
_aeng
082 _aO152,1I78:g, 111L9
100 _aNagendra Ed.
245 0 _aSurdasa
_b A revaluation
260 _aNew Delhi
_bNational Publishing House
_c1979
300 _a294
_ccm.
942 _hO152,1I78:g, 111L9
_cREF
_2CC
999 _c1118586
_d1118586